000 00359 a2200157 4500
001 73555
020 _a857718020-4
040 _cAnchieta - Colégio São Paulo
100 _aBarçan, L P
240 1 0 _aPortal "Cá Estamos Nós"
_lpor
245 1 0 _aPortal "Cá Estamos Nós"
300 _a98
362 0 _a2006
650 4 _aPoesia brasileira
942 _cBK
999 _c73555
_d73555